<?xml version="1.0" encoding="UTF-8"?>
<record
    xmlns:xsi="http://www.w3.org/2001/XMLSchema-instance"
    xsi:schemaLocation="http://www.loc.gov/MARC21/slim http://www.loc.gov/standards/marcxml/schema/MARC21slim.xsd"
    xmlns="http://www.loc.gov/MARC21/slim">

  <leader>01039nam a22001697a 4500</leader>
  <controlfield tag="003">OSt</controlfield>
  <controlfield tag="005">20240220133447.0</controlfield>
  <controlfield tag="008">240220s2008    ag ||||| |||| 00| 0 spa d</controlfield>
  <datafield tag="020" ind1=" " ind2=" ">
    <subfield code="a">9789508602091</subfield>
  </datafield>
  <datafield tag="040" ind1=" " ind2=" ">
    <subfield code="c">besoc</subfield>
  </datafield>
  <datafield tag="100" ind1=" " ind2=" ">
    <subfield code="a">Leiva, Maria Lujan</subfield>
    <subfield code="e">autor</subfield>
  </datafield>
  <datafield tag="245" ind1=" " ind2=" ">
    <subfield code="a">El Derecho a la verdad.</subfield>
    <subfield code="b"> Turqu&#xED;a, Armenios, Kurdos</subfield>
  </datafield>
  <datafield tag="260" ind1=" " ind2=" ">
    <subfield code="a">Buenos Aires:</subfield>
    <subfield code="b">Desde La Gente</subfield>
    <subfield code="c">2008</subfield>
  </datafield>
  <datafield tag="300" ind1=" " ind2=" ">
    <subfield code="a">112 p.</subfield>
  </datafield>
  <datafield tag="520" ind1=" " ind2=" ">
    <subfield code="a">Los genocidios y la eliminaci&#xF3;n de sectores de una poblaci&#xF3;n, por razones religiosas, raciales, &#xE9;tnicas, pol&#xED;ticas, econ&#xF3;micas, etc., no son eventualidades sin explicaci&#xF3;n. Este libro es una indagaci&#xF3;n de la compleja realidad, de distintas responsabilidades en la cuesti&#xF3;n armenio y Kurda. Es tambi&#xE9;n un homenaje a las resistencias de turcos, armenos y kurdos antes los embates de la barbarie y la injustica. En Argentina se logro que el 24 de Abril se instale como el "Dia de Acci&#xF3;n por la tolerancia y el Respeto entre los pueblos" en conmemoraci&#xF3;n del genocidios sufrido por el pueblo armenio.</subfield>
  </datafield>
  <datafield tag="942" ind1=" " ind2=" ">
    <subfield code="2">udc</subfield>
    <subfield code="c">LPD</subfield>
    <subfield code="n">0</subfield>
  </datafield>
  <datafield tag="999" ind1=" " ind2=" ">
    <subfield code="c">199</subfield>
    <subfield code="d">199</subfield>
  </datafield>
</record>
